000
002970000a22001330004500
003
MACL
040
_a
MACL
090
_c
42998
_d
42996
100
_a
Agarwal, Mirgandra
245
_a
The Philosophy of Inspiration
260
_b
New Dawn Press
_c
2005
650
_a
Philosophy
942
_c
BOOK
_k
100/AGA
999
_c
42543
_d
42543